000
00330nam a2200133Ia 4500
008
150201s2008 xx 000 0 und d
082
_a
614.1
_b
C08P
100
_a
PILLAY,V.V.
245
_a
COMPERHENSIVE MEDICAL TOXICOLOGY
250
_a
2ND
260
_b
PARAS MED
_a
HYDERABAD
_c
2008
650
_a
FORENSIC MEDICINE
942
_2
ddc
_c
BK
999
_c
932
_d
932